| 000 | 00000nas 2200000za 4500 |
| 001 | 9.864680 |
| 003 | CaOODSP |
| 005 | 20221107161616 |
| 007 | cr ||||||||||| |
| 008 | 181114d19701972oncqr p oss f000#b0fre| |
| 040 | |aCaOODSP|bfre |
| 041 | |aeng|afre |
| 043 | |an-cn--- |
| 086 | 1 |aCS32-014-P-PDF |
| 245 | 00|aTobacco stocks |h[ressource électronique] : |bstocks of unmanufactured tobacco in Canada at ... = Stocks de tabac, ... : les stocks canadiens de tabac non manufacturé. |
| 246 | 11|aStocks de tabac, ... : |bles stocks canadiens de tabac non manufacturé. |
| 260 | |aOttawa : |bBureau fédéral de la statistique, Groupe de tabac, |c1970-1972. |
| 310 | |aTrimestriel |
| 362 | 0 |aParaît depuis 31 mars 1970; ne paraît plus après 31 déc. 1971. |
| 490 | 1 |aBulletin de service du BFS, conditionnement du tabac |
| 500 | |aÉdition numérisée de l’imprimé [par Statistique Canada] |
| 500 | |aTitre de départ. |
| 500 | |a«Tous les détails sont données dans la publication intitulée Statistiques Trimestrielles du Tabac et des Produits du Tabac, numéro de catalogue 32-014, à paraître ultérieurement.» |
| 546 | |aTexte en anglais et en français. |
| 692 | 07|2gccst|aIndustrie du tabac |
| 710 | 1 |aCanada. |bBureau fédéral de la statistique. |
| 791 | |tTobacco stocks |eeng|w(CaOODSP)9.864677 |